header

Believers (Record no. 45933)

MARC details
000 -LEADER
fixed length control field 01259nam a2200325 a 4500
082 04 - DEWEY DECIMAL CLASSIFICATION NUMBER
Classification number 282.94
100 1# - MAIN ENTRY--AUTHOR NAME
Personal name Collins, Paul,
245 10 - TITLE STATEMENT
Title Believers
260 ## - PUBLICATION, DISTRIBUTION, ETC. (IMPRINT)
Place of publication Sydney, N.S.W. :
Name of publisher UNSW Press,
Year of publication 2008.
300 ## - PHYSICAL DESCRIPTION
Number of Pages xiii, 190 p.
500 ## - GENERAL NOTE
General note Includes index and bibliographic references (p. 176-185).
650 #0 - SUBJECT ADDED ENTRY--TOPICAL TERM
Topical Term Catholics
856 40 - ELECTRONIC LOCATION AND ACCESS
Uniform Resource Identifier http://site.ebrary.com/lib/rucke/Doc?id=10351544

No items available.

© 2026 Rongo University
Contact us: librarian | system librarian | Rongo university